1389 1915 1596 1109 1178 1941 1221 1372 1728 1987 1230 1883 1118 1413 1208 1874 1408 1370 1896 1623 1534 1495 1241 1564 1591 1785 1301 1115 1928 1775 1551 1735 1436 1964 1585 1406 1150 1873 1768 1360 1989 1180 1812 1709 1825 1877 1132 1335 1715 1900 1887 1418 1207 1429 1729 1333 1935 1006 1810 1487 1199 1010 1974 1900 1646 1989 1105 1569 1699 1288 1787 1144 1135 1469 1867 1580 1319 1397 1937 1982 1095 1113 1378 1514 1680 1503 1423 1188 1799 1504 1613 1730 1674 1224 1423 1191 1176 1720 1987 BCNSPRNW ULIB Ver.6.0+V

เปลี่ยนเป็นภาษาไทย

Change to English
 แสดงรายละเอียดบรรณานุกรม
  กลับหน้าหลัก

Brief Record : Get Marc (ISO 2709) : E-mail record : QR code < ปิดหน้าต่าง
LEADER : 00000nam 2200000uu 4500
001    13399114245
003     ULIB
008    110901s||||||||th 000 0 tha d
050  4 LC268^bส181ค
110 1  สถาบันพระบรมราชชนก
245 10 คู่มือการดำเนินการเพื่อให้เกิดอัตลักษณ์บัณฑิต สถาบันพระบรมราชชนก/^cสถาบันพระบรมราชชนก
250    พิมพ์ครั้งที่ 12
260    นนทบุรี :^bสถาบันพระบรมราชชนก,^c2554
300    72 หน้า
650  7 อัตลักษณ์
650  7 จริยศึกษา
650  7 อัตลักษณ์บัณฑิตสถาบันพระบรมราชชนก
650  7 การบริการสุขภาพ
710 1  สถาบันพระบรมราชชนก
945    ^p0^l0^i031220
945    ^p0^l0^i031221
945    ^p0^l0^i031222
995    ทศพร
999 ^a ทศพร
รายการนี้ยังไม่มีแท็ก
คุณยังไม่ได้ล็อกอิน คุณสามารถมีกิจกรรมร่วมกับเว็บไซต์ได้ แต่ต้องล็อกอินก่อน ::
  ล็อกอิน

รายการสื่อสารสนเทศ

ลำดับที่ ประเภท เลขเรียก/บาร์โค้ด สถานที่ สถานะ
- ไม่พบข้อมูล -

รายการใกล้เคียง
    หัวเรื่อง [อัตลักษณ์]
    หัวเรื่อง [จริยศึกษา]
    หัวเรื่อง [การบริการสุขภาพ]

BibComment


ยังไม่เคยถูกคอมเมนท์

คอมเมนท์ทรัพยากรรายการนี้
  คอมเมนท์: คู่มือการดำเนินกา..


 Copyright 2026. Bcnsprnw @Library